[Event "Mittelfranken Mitte-ch 0607"]
[Site "Zirndorf"]
[Date "2007.01.21"]
[Round "6"]
[White "Dreiseitel, Ursula"]
[Black "Boessenecker, Felix"]
[Result "1-0"]
[WhiteElo "1200"]
[BlackElo "982"]
[PlyCount "63"]
[EventDate "2007.01.05"]
[EventType "swiss"]
[EventRounds "7"]
[EventCountry "GER"]
[SourceTitle "EXT 2015"]
[Source "ChessBase"]
[SourceDate "2014.11.20"]
[SourceVersion "1"]
[SourceVersionDate "2014.11.20"]
[SourceQuality "1"]

1. d4 d6 2. Nf3 Nd7 3. Bf4 g6 4. c4 Bg7 5. Nc3 b6 6. e4 e5 7. dxe5 dxe5 8. Be3 Ne7 9. Be2 0-0 10. 0-0 Bb7 11. Qc2 Re8 12. Rad1 c5 13. Nd5 Nxd5 14. cxd5 Nf6 15. h3 Qd7 16. Rd2 Qd6 17. Rfd1 Red8 18. Nh2 Rac8 19. Ng4 Nxg4 20. Bxg4 Rc7 21. Qc4 Rb8 22. g3 Bc8 23. Bxc8 Rbxc8 24. Kg2 Rb7 25. a4 Rcb8 26. Qb5 Ra8 27. a5 a6 28. Qc6 Qxc6 29. dxc6 Rc7 30. Rd8+ Rxd8 31. Rxd8+ Bf8 32. axb6 1-0

[Event "Mittelfranken Mitte-ch 0607"]
[Site "Zirndorf"]
[Date "2007.01.07"]
[Round "5"]
[White "Berntgen, Henri"]
[Black "Boessenecker, Felix"]
[Result "0-1"]
[WhiteElo "797"]
[BlackElo "982"]
[PlyCount "77"]
[EventDate "2007.01.05"]
[EventType "swiss"]
[EventRounds "7"]
[EventCountry "GER"]
[SourceTitle "EXT 2015"]
[Source "ChessBase"]
[SourceDate "2014.11.20"]
[SourceVersion "1"]
[SourceVersionDate "2014.11.20"]
[SourceQuality "1"]

1. e4 c5 2. Nf3 Nc6 3. Nc3 g6 4. Bb5 Qc7 5. Bxc6 Qxc6 6. d3 Bg7 7. Bd2 e6 8. Qe2 Ne7 9. 0-0-0 Qb6 10. Kb1 d5 11. e5 c4 12. d4 Nf5 13. Bc1 0-0 14. g4 Ne7 15. h4 Bd7 16. Rdg1 Qc6 17. h5 b5 18. g5 b4 19. Nd1 b3 20. cxb3 cxb3 21. axb3 Rac8 22. Nc3 gxh5 23. Na2 Qb6 24. Qe3 Rb8 25. Nd2 Nf5 26. Qd3 Bb5 27. Qc2 Rfc8 28. Qd1 Bd3+ 29. Ka1 Nxd4 30. Rg3 Nc2+ 31. Qxc2 Bxc2 32. Rxh5 Qxf2 33. Rgh3 Qg1 34. R3h4 Bxe5 35. Rh1 Qc5 36. b4 Qb5 37. Nf3 Be4 38. R5h3 Qa4 39. Nxe5 0-1

[Event "Mittelfranken Mitte-ch 0506"]
[Site "Zirndorf"]
[Date "2006.??.??"]
[Round "7"]
[White "Narr, Irmgard"]
[Black "Boessenecker, Felix"]
[Result "1-0"]
[WhiteElo "1412"]
[BlackElo "990"]
[PlyCount "111"]
[EventDate "2006.01.06"]
[EventType "swiss"]
[EventRounds "7"]
[EventCountry "GER"]
[SourceTitle "EXT 2015"]
[Source "ChessBase"]
[SourceDate "2014.11.20"]
[SourceVersion "1"]
[SourceVersionDate "2014.11.20"]
[SourceQuality "1"]

1. e4 c5 2. Nf3 Nc6 3. Nc3 g6 4. d4 b6 5. Be3 d6 6. Bc4 Bg7 7. Ng5 e6 8. Qf3 Qe7 9. Bb5 Bd7 10. e5 d5 11. Nxd5 exd5 12. Qxd5 Rc8 13. c3 Nh6 14. 0-0 Nf5 15. Bf4 Bh6 16. Nh3 Bxf4 17. Nxf4 Qg5 18. Ne2 Qd2 19. Rab1 Nfe7 20. Qf3 Be6 21. Rfd1 Qg5 22. b3 Bd5 23. Qh3 Nf5 24. g3 Bf3 25. Re1 h5 26. Nf4 h4 27. e6 Bg4 28. Qg2 Nfe7 29. exf7+ Kxf7 30. Bc4+ Kf6 31. d5 Ne5 32. Be2 hxg3 33. fxg3 Bh3 34. Nxh3 Qe3+ 35. Kh1 Nf5 36. Bc4 Qf3 37. Qxf3 Nxf3 38. Re6+ Kf7 39. Kg2 Nd2 40. Ng5+ Kg7 41. Rbe1 Rh5 42. h4 Rd8 43. R1e2 Nb1 44. Rc2 Na3 45. Rce2 Nb1 46. Ne4 Kf7 47. Rf6+ Kg7 48. Rc6 Nxc3 49. Nxc3 Nd4 50. Re7+ Kf8 51. Rcc7 b5 52. Nxb5 Nxb5 53. Bxb5 Rhxd5 54. Rf7+ Kg8 55. Rg7+ Kf8 56. Rcf7# 1-0